Score 0/20 Timer 05:00
0 Plays Today
% Correct
Jay Leno
95.8%
Jimmy Fallon
94.2%
Jimmy Kimmel
94%
Conan O'Brien
91.1%
Whoopi Goldberg
90.7%
Stephen Colbert
89.1%
David Letterman
88%
Johnny Carson
77.6%
Joan Rivers
77%
Jon Stewart
76.2%
% Correct
George Lopez
73.6%
Seth Meyers
71.7%
Bill Maher
69.3%
Arsenio Hall
68.8%
Wanda Sykes
62.8%
John Oliver
61.8%
Trevor Noah
61.1%
Chelsea Handler
58.3%
Carson Daly
55.7%
Craig Ferguson
52.7%
Remove Ads.
Support Sporcle.
Get the best of Sporcle when you Go Orange. This ad-free experience offers more features, more stats, and more fun while also helping to support Sporcle. Thank you for becoming a member.

You're not logged in!

Compare scores with friends on all Sporcle quizzes.
OR
Log In

Show Comments

Extras

Top Quizzes Today


Score Distribution

Your Account Isn't Verified!

In order to create a playlist on Sporcle, you need to verify the email address you used during registration. Go to your Sporcle Settings to finish the process.

Report this User

Report this user for behavior that violates our Community Guidelines.

Details: